00509nam a22001817a 450000500170000001000110001702000220002803500110005003700160006104000120007708200130008910000220010224500490012426000350017330000250020865000360023365000580026920170124110113.0 a744545 c00.00a0395109329 a744545 bCen Lib/Ret aDPLbEN a921bCHI aChisholm, Shirley aUnbought and unbossed /cby Shirley Chisholm aBostonbHoughton Mifflinc1970 axii,177p. c21cm(Hb) aChisholm, Shirley, -- 1924-2005 aUnited States -- Politics and government -- 1969-1974